| 000 | 00506nam a2200145Ia 4500 | ||
|---|---|---|---|
| 008 | 100204s9999 xx 000 0 und d | ||
| 082 | _b15380 | ||
| 100 | _aनाईक जि. आ. | ||
| 245 | _aजागतिक घडामोडी 1990 | ||
| 260 |
_b"मॅजेस्टिक प्रकाशन , मुंबई" _c1991 |
||
| 300 | _a212 | ||
| 630 | _aजागतिक घडामोडी 1990 | ||
| 730 | _aजागतिक घडामोडी 1990 | ||
| 942 | _cBOOK | ||
| 999 |
_c459811 _d459808 |
||